Hướng dẫn hoạt động cho trẻ 1-3 tuổi
Giới thiệu một loạt các hoạt động thuộc các lĩnh vực vận động, ngôn ngữ sáng tạo và khám phá môi trường xung quanh.
Đã lưu trong:
| Tác giả chính: | |
|---|---|
| Định dạng: | Sách |
| Năm xuất bản: |
H.
Giáo dục
2005
|
| Chủ đề: | |
| Tags: |
Thêm thẻ
Không có thẻ, Hãy là người đầu tiên gắn thẻ bản ghi này!
|
| LEADER | 00751nam a2200157 4500 | ||
|---|---|---|---|
| 999 | |c 10948 |d 10948 | ||
| 082 | |a 372.86 |b H561d | ||
| 100 | |a Phạm Thị Mai Chi | ||
| 245 | |a Hướng dẫn hoạt động cho trẻ 1-3 tuổi |c Phạm Thị Mai Chi, Bùi Kim Tuyến, Lương Thị Bình,... | ||
| 260 | |a H. |b Giáo dục |c 2005 | ||
| 300 | |a 136tr. |c 24cm. | ||
| 520 | |a Giới thiệu một loạt các hoạt động thuộc các lĩnh vực vận động, ngôn ngữ sáng tạo và khám phá môi trường xung quanh. | ||
| 653 | |a Giáo dục mầm non | ||
| 653 | |a Giáo dục thể chất | ||
| 942 | |2 ddc |c SH | ||
| 952 | |0 0 |1 0 |2 ddc |4 0 |6 372_860000000000000_H561D |7 0 |8 300 |9 94154 |a qbu |b qbu |c D2 |d 2015-09-16 |g 12500 |o 372.86 H561d |p 10668.c1 |r 0000-00-00 |w 2015-09-16 |y SH | ||